000 02123cam a22004574i 4500
003 PE-LiUPU
005 20250731173327.0
008 150710s r 000 0 d
020 _a1575545233
035 _a(Sirsi) i9781575545233
040 _aPE-LiUPU
_bspa
_cPE-LiUPU
_erda
049 _aPRUA
082 0 4 _a286.7325
_bTPI
_221
100 1 _aWhite, Elena G. de,
_d1827-1915,
_eautor.
245 1 0 _aTestimonios para la iglesia :
_bcontiene los testimonios nº 26 al nº 30.4 /
_cElena G. de White.
264 1 _aFlorida :
_bInteramericana,
_c2007.
300 _a718 páginas ;
_c21 centímetros
336 _atext
_2rdacontent
337 _aunmediated
_2rdamedia
338 _avolume
_2rdacarrier
505 0 _aNúmero 26-30: Testimonio para la iglesia -- Biografías bíblicas -- La unidad de la iglesia -- Avanzad -- Complacencia del apetito -- La lucha del cristiano -- Escogiendo tesoros terrenales -- La verdadera benevolencia -- Colaboradores de Cristo -- Los reavivamientos sensacionalistas -- La retención de los recursos -- La prueba -- El trabajo es beneficioso para la salud -- Orgullo y autocomplacencia -- La influencia del entorno social -- Conflicto de intereses -- Autoalabanzas -- Misioneros en el hogar -- La obediencia voluntaria -- Los doce espías -- La toma de Jericó..
526 _aSEG42
526 _aSEG41
526 _aSEG40
526 _aSEG39
526 _aP94
526 _aP87
526 _aP86
526 _aP85
526 _aP77
526 _aP76
526 _aP35
541 _g001-000386;
610 2 _aIASD
_xDoctrinas.
650 0 4 _aAdventistas del séptimo día
_xDoctrinas.
942 _2ddc
_cBOOK
949 _a286.7325 TPI 4
_wDEWEY
_c1
_i58715
_lCCODEBUL1
_mBUL
_p22.00
_r0
_sY
_tBOOK
_u2015-7-10
_xTEOLOGIA
_PP35
_0COMPRA
_o.STAFF. Colección General
994 _aC0
_bPEPRU
596 _a1
999 _a286.7325 TPI 4
_wDEWEY
_c47589
_i58715
_d47589
_f2021-11-11
_g5
_lCCODEBUL1
_mBUL
_p22.00
_q2
_r0
_sY
_tBOOK
_u2015-7-10
_xTEOLOGIA
_PP35
_0COMPRA
_o.STAFF. Colección General
980 _81
_gALBERTO SANCHEZ Responsable de Automatización